000 00465nam a2200157 a 4500
005 20140310183228.0
008 041210s19uu xx 00 eng d
020 _a0312930739
050 _aPS 3569.A215
_b.Sa115 1988
100 _aSaberhagen, Fred
245 _aThe third book of lost swords :
_bstonecutter's story.
_cFred Saberhagen
260 _aNew York ;
_bTom Doherty Associates,
_c1988.
300 _a247 p. :
_c21 cm.
942 _cBK
_2lcc
999 _c20455
_d20455